000 01778cam a2200361Ia 4500
001 kingfisheryoungd00newy
003 CaSfIA
005 20210118162324.0
007 cr||||
008 980225s1997 nyua j 001 0 eng d
040 _aWDG
_cWDG
_dIUI
_dCaSfIA
020 _a0753451379
020 _a9780753451373
035 _a(OCoLC)38503883
050 4 _aQ173
_b.K54 1997
092 _a507.8
245 0 4 _aThe Kingfisher young discoverers encyclopedia of facts and experiments
_h[electronic resource]
246 3 0 _aYoung discoverers encyclopedia of facts and experiments
246 1 8 _aYoung discoverers encyclopedia
250 _a1st ed.
260 _aNew York :
_bKingfisher,
_c1997.
300 _a320 p. :
_bcol. ill. ;
_c25 cm.
500 _aIncludes index.
520 _aDescribes experiments to examine the world of science in everyday life.
505 0 _aEnergy and power -- Batteries, bulbs, and wires -- Sound and light -- Solids and liquids -- Weather and climate -- Rivers and oceans -- Maps and mapping -- Animals and their world -- Butterflies, bugs, and worms -- Nature in danger -- The human body.
650 0 _aScience
_xExperiments.
650 0 _aScience
_xStudy and teaching.
856 4 1 _uhttp://www.archive.org/details/kingfisheryoungd00newy
_zFree eBook from the Internet Archive
856 4 2 _uhttp://www.openlibrary.org/books/OL24211791M
_zAdditional information and access via Open Library
942 _cEB
506 _fНеобхідна авторизація на https://archive.org/ (створення облікового запису безкоштовно)
506 _fНеобхідна авторизація на https://openlibrary.org/ (створення облікового запису безкоштовно)
999 _c515933
_d515933